Elenca la formazione - Quiz n°61 - Statistics

Statistiche generali
  • Questo quiz è stato fatto 68 volte
  • Il punteggio medio è 9 su 11
Statistiche sulle risposte
Ruolo Nazione Calciatore % Corretto
Portiere Senegal Edouard Mendy
98%
Centrocampista Croazia Mateo Kovačić
98%
Centrocampista Francia N'Golo Kanté
96%
Difensore Brasile Thiago Silva
96%
Difensore Germania Antonio Rüdiger
95%
Attaccante Germania Kai Havertz
93%
Difensore Danimarca Andreas Christensen
88%
Attaccante Belgio Romelu Lukaku
88%
Attaccante Inghilterra Mason Mount
80%
Centrocampista Spagna César Azpilicueta
70%
Centrocampista Inghilterra Callum Hudson-Odoi
16%
Nessun quiz corrispondente trovato
Distribuzione punteggi
Percentuale di utenti per punteggio
Percentile per numero di risposta
I tuoi punteggi nel tempo
Non hai fatto questo quiz